Loading...
| Philosophy | 0 | 7 | 3 | 0 | 55 | 87 | 115.57 | 1 | 4 | 11.60 | 39.95 |
| Fine Arts - Classical Music and Opera | 0 | 3 | 0 | 3 | 30 | 151 | 154.67 | 0 | 0 | -0.05 | 2.28 |
| Social Science | 0 | 3 | 1 | 1 | 25 | 117 | 122.00 | 0 | 1 | 2.87 | 13.78 |
| Literature - British | 0 | 2 | 0 | 0 | 20 | 128 | 144.00 | 0 | 0 | 0.76 | 7.69 |
| History - European | 0 | 2 | 0 | 1 | 20 | 153 | 155.00 | 0 | 0 | 0.33 | 3.21 |
| Literature - American | 0 | 2 | 1 | 1 | 15 | 154 | 156.00 | 0 | 0 | 0.15 | 2.21 |
| Modern World | 0 | 1 | 0 | 1 | 10 | 145 | 145.00 | 0 | 0 | 0.00 | 1.19 |
| Fine Arts - Painting and Sculpture | 0 | 3 | 4 | 1 | 10 | 91 | 120.67 | 0 | 1 | 4.85 | 11.92 |
| History - Other | 0 | 1 | 0 | 0 | 10 | 132 | 132.00 | 0 | 0 | 1.46 | 5.13 |
| History - World | 0 | 1 | 0 | 0 | 10 | 142 | 142.00 | 0 | 0 | 0.11 | 1.18 |
| History - American | 0 | 2 | 2 | 2 | 10 | 93 | 122.50 | 0 | 0 | 3.08 | 5.38 |
| Literature - European | 0 | 0 | 0 | 0 | 0 | 0.00 | 0 | 0 | 0.00 | 0.00 | |
| Other Science (Computer Science) | 0 | 0 | 1 | 0 | -5 | 0.00 | 0 | 0 | 0.00 | 0.00 |